[Event "POL-chT U20"]
[Site "Szczyrk"]
[Date "2017.07.22"]
[Round "1.27"]
[White "Sapinski, Sebastian"]
[Black "Pniaczek, Marek"]
[Result "0-1"]
[WhiteElo "1371"]
[BlackElo "1981"]
[PlyCount "78"]
[EventDate "2017.07.22"]
[EventType "team-tourn"]
[EventRounds "9"]
[EventCountry "POL"]
[SourceTitle "EXT 2019"]
[Source "ChessBase"]
[SourceDate "2018.10.10"]
[SourceVersion "1"]
[SourceVersionDate "2018.10.10"]
[SourceQuality "1"]

1. d4 d5 2. e3 Nf6 3. Bd3 c5 4. c3 e6 5. Nf3 Nc6 6. Nbd2 Bd6 7. Qe2 0-0 8. 0-0 Re8 9. e4 e5 10. dxc5 Bxc5 11. exd5 Nxd5 12. Ne4 Bb6 13. Bc4 Be6 14. Nfg5 h6 15. Nxe6 fxe6 16. Qg4 Nf6 17. Bxe6+ Kh8 18. Nxf6 Qxf6 19. Bb3 e4 20. Bc2 Bc7 21. Be3 Re7 22. Rad1 Rae8 23. Rd7 Ne5 24. Rxe7 Rxe7 25. Qxe4 g6 26. Bd4 Kh7 27. Bxe5 Rxe5 28. Qxb7 Qd6 29. Qb4 Qxb4 30. cxb4 Re2 31. Bb3 Bb6 32. g3 Rxb2 33. Kg2 Kg7 34. g4 Kf6 35. Kg3 Bc7+ 36. Kg2 Bb6 37. Kg3 Bc7+ 38. Kg2 Bb6 39. h3 Rd2 0-1